000
00209nam a2200097Ia 4500
008
180219s9999 xx 000 0 und d
100
_a
Gupta R P
245
0
_a
Civil Engineering Drawing 1
260
_c
2014
300
_a
0
942
_e
13th
999
_c
43647
_d
43647